Professional VB.NET
The DNA programming model, the limitations of COM. Limitations of VB6 for DNA application development. Limitations of DNA internet development. The need to abstract th operating system...
Uloženo v:
| Médium: | Kniha |
|---|---|
| Jazyk: | Undetermined |
| Vydáno: |
Mumbai
Shroff publishers
2002
|
| Témata: | |
| Tagy: |
Přidat tag
Žádné tagy, Buďte první, kdo otaguje tento záznam!
|
| Thư viện lưu trữ: | Trung tâm Học liệu Trường Đại học Cần Thơ |
|---|
| LEADER | 00719nam a2200181Ia 4500 | ||
|---|---|---|---|
| 001 | CTU_232436 | ||
| 008 | 210402s9999 xx 000 0 und d | ||
| 082 | |a 005.2768 | ||
| 082 | |b P964 | ||
| 245 | 0 | |a Professional VB.NET | |
| 245 | 0 | |c Fred Barwell ... [et al.] | |
| 260 | |a Mumbai | ||
| 260 | |b Shroff publishers | ||
| 260 | |c 2002 | ||
| 520 | |a The DNA programming model, the limitations of COM. Limitations of VB6 for DNA application development. Limitations of DNA internet development. The need to abstract th operating system... | ||
| 650 | |a BASIC (ngôn ngữ chương trình máy tính),BASIC (Computer program language) | ||
| 910 | |b dqhieu | ||
| 980 | |a Trung tâm Học liệu Trường Đại học Cần Thơ | ||